000 00812nam a2200253 i 4500
001 173551
003 ES-MaACL
005 20230906215254.0
008 141209s1979 sp |||| |bspa d
020 _a84-249-3522-5
080 _a929 Apolonio de Tyana
100 1 _aFilostrato, Flavio.
_950860
245 1 0 _aVida de Apolonio de Tiana /
_cFilóstrato ; traducción, introducción y notas de Alberto Bernabé Pajares.
260 _aMadrid :
_bGredos,
_c[1979]
300 _a534 p. ;
_c20 cm.
490 1 _aBiblioteca clásica Gredos ;
_v18
500 _aÍndices.
504 _aBibliografía: p. 54-57.
600 0 4 _aApolonio de Tiana.
_9162842
700 1 _aBernabé, Alberto.
_928158
830 0 _aBiblioteca clásica Gredos ;
_v18
_9177556
852 _aES-MaACL
_jC-57042
999 _c173551
_d173551